000 00644nam a2200241Ia 4500
008 180523s9999 xx 000 0 und d
020 _a981-232-860-2
050 _aMAIN F 1868
050 _b.S54 2004
100 _aSheehan, Sean.
245 0 _aJamaica /
245 0 _cSean Sheehan, Angela Black.
260 _aSingapore :
260 _bTimes Books,
260 _c2004
300 _a144 pages :
300 _bcolored illustrations ;
300 _c23 cm.
440 _aCultures of the world.
500 _aIncludes bibliographical references and index.
650 _aJamaica.
650 _xJamaica -- Social life and customs.
999 _c356620
_d356620